<?xml version="1.0" encoding="UTF-8"?>
<record
    xmlns:xsi="http://www.w3.org/2001/XMLSchema-instance"
    xsi:schemaLocation="http://www.loc.gov/MARC21/slim http://www.loc.gov/standards/marcxml/schema/MARC21slim.xsd"
    xmlns="http://www.loc.gov/MARC21/slim">

  <leader>00434nam a22001217a 4500</leader>
  <controlfield tag="005">20250225144023.0</controlfield>
  <controlfield tag="008">250225b        |||||||| |||| 00| 0 eng d</controlfield>
  <datafield tag="100" ind1=" " ind2=" ">
    <subfield code="a">AHMAD, DR. S.M. EJAZ</subfield>
    <subfield code="9">8599</subfield>
  </datafield>
  <datafield tag="245" ind1=" " ind2=" ">
    <subfield code="a">A CRITICAL ANALYSIS OF NATIONAL APPRENTICESHIP TRAINING SCHEME [NATS] AND ITS EMPLOYABILITY ON TECHNICAL GRADUATES : A CASE STUDY OF THE EASTERN REGION</subfield>
  </datafield>
  <datafield tag="260" ind1=" " ind2=" ">
    <subfield code="a">NEW DELHI</subfield>
    <subfield code="b">BLUE ROSE ONE</subfield>
    <subfield code="c">2024</subfield>
  </datafield>
  <datafield tag="300" ind1=" " ind2=" ">
    <subfield code="a">204;P</subfield>
  </datafield>
  <datafield tag="942" ind1=" " ind2=" ">
    <subfield code="c">BK</subfield>
  </datafield>
  <datafield tag="999" ind1=" " ind2=" ">
    <subfield code="c">8728</subfield>
    <subfield code="d">8726</subfield>
  </datafield>
  <datafield tag="952" ind1=" " ind2=" ">
    <subfield code="0">0</subfield>
    <subfield code="1">0</subfield>
    <subfield code="4">0</subfield>
    <subfield code="7">0</subfield>
    <subfield code="8">ENGLISH LITERATURE</subfield>
    <subfield code="a">JRU</subfield>
    <subfield code="b">JRU</subfield>
    <subfield code="c">SHELF-103-A</subfield>
    <subfield code="d">2025-02-25</subfield>
    <subfield code="e">DONATED</subfield>
    <subfield code="g">1893.00</subfield>
    <subfield code="l">0</subfield>
    <subfield code="o">370.72</subfield>
    <subfield code="p">0058/D</subfield>
    <subfield code="r">2025-02-25 10:05:09</subfield>
    <subfield code="w">2025-02-25</subfield>
    <subfield code="y">JRL</subfield>
  </datafield>
</record>
